| 000 | 01458nam a2200253Ia 4500 | ||
|---|---|---|---|
| 999 |
_c51732 _d51732 |
||
| 001 | 18724 | ||
| 003 | GE_BSU | ||
| 005 | 20210415121724.0 | ||
| 008 | 181216s2014||||ge |||||||||||||| ||geo|| | ||
| 040 | _cGE_BSU | ||
| 041 | _ageo | ||
| 080 | _a61 ბ-89 | ||
| 100 |
_aბოჭორიშვილი, თეა _911376 |
||
| 245 |
_aინსულინრეზისტენტობა HCV ინფექციით პაციენტებში / _cთეა ბოჭორიშვილი ; სამეცნიერო ხელმძღვანელი ელზა ვაშაკიძე; თბილისის სახელმწიფო სამედიცინო უნივერსიტეტი. |
||
| 264 |
_aთბილისი, _c2014. |
||
| 300 |
_a104 გვ. ; _b30 სმ. |
||
| 653 | _aდისერტაცია | ||
| 653 | _aინსულინრეზისტენტობა HCV ინფექციით პაციენტებში | ||
| 653 | _aმედიცინა | ||
| 653 | _aქრონიკული ჰეპატიტი-დისერტაციები | ||
| 700 |
_aვაშაკიძე, ელზა _eსამეცნიერო ხელმძღვანელი _911275 |
||
| 710 |
_aთბილისის სახელმწიფო სამედიცინო უნივერსიტეტი _911377 |
||
| 942 |
_cBK _2udc |
||